000 00580nam a2200169 i 4500
001 59613
003 ES-MaACL
005 20230906164051.0
007 t|
008 031030s1911 sp ||||1| spa d
100 1 _aAlvira Lasierra, Mariano.
_947126
245 1 0 _aTratamiento local de la tuberculosis de la piel /
_cMemoria presentada para optar al grado de Doctor en Medicina y Cirugía por D. Mariano Alvira Lasierra.
260 _aZaragoza :
_bEmilio Casañal,
_c1911.
300 _a60 pág. ,1 lám. ;
_c24 cm.
502 _aTesis doctoral.
852 _aES-MaACL
_jT-1364-F-9
999 _c59613
_d59613